[Event "1st Hofheim Open"]
[Site "Hofheim GER"]
[Date "2013.04.04"]
[Round "4.21"]
[White "Eulering,G"]
[Black "Brandl,L"]
[Result "1-0"]
[WhiteElo "2136"]
[BlackElo "1691"]

1.e4 c5 2.c3 Nf6 3.e5 Nd5 4.d4 cxd4 5.Qxd4 e6 6.Nf3 Nc6 7.Qe4 f5 8.Qe2 Qc7
9.g3 d6 10.exd6 Bxd6 11.Bg2 O-O 12.O-O Nf6 13.Nd4 Re8 14.Nb5 Qe7 15.Nxd6 Qxd6
16.Na3 e5 17.Bg5 a6 18.Nc4 Qe7 19.Rad1 h6 20.Be3 Be6 21.Bb6 Nd7 22.Bc7 Rac8
23.Bd6 Qf7 24.b3 e4 25.f3 exf3 26.Qxf3 b5 27.Ne3 Nce5 28.Qf4 g5 29.Qd4 Nc6
30.Qd2 Qg6 31.Nd5 Kh7 32.Nc7 Red8 33.Bxc6 Nb8 34.Nxe6 Qxe6 35.Rfe1 Qf7 36.Bd5 Qa7+
37.Kg2 Rxd6 38.Bg8+ Kxg8 39.Qxd6 Qb7+ 40.Qd5+ Qxd5+ 41.Rxd5 Rf8 42.Re7 f4
43.gxf4 gxf4 44.Rd6 Rc8 45.Rb7 Nc6 46.Rg6+ Kh8 47.Rxh6+ Kg8 48.Re6 f3+ 49.Kxf3 Rf8+
50.Kg3 Nd8 51.Rg6+ Kh8 52.Rd7 Nf7 53.Rxa6  1-0

[Event "e2e4 Gatwick Open 2013"]
[Site "Crawley ENG"]
[Date "2013.04.06"]
[Round "3"]
[White "Galliano,A"]
[Black "Tarhon,Brian"]
[Result "1-0"]
[WhiteElo "2101"]
[BlackElo "1863"]

1.e4 c5 2.c3 Nf6 3.e5 Nd5 4.d4 cxd4 5.Nf3 e6 6.cxd4 d6 7.Nc3 Nxc3 8.bxc3 Qc7
9.Bd2 Be7 10.Bd3 Nd7 11.exd6 Bxd6 12.O-O O-O 13.h3 b6 14.Re1 Bb7 15.Qe2 Rac8
16.Rac1 Rfd8 17.Bc2 Bf4 18.Ng5 Nf8 19.Bb3 Bxd2 20.Qxd2 b5 21.Ne4 Bd5 22.Qb2 Qc6
23.Bxd5 exd5 24.Nc5 Nd7 25.Nxd7 Qxd7 26.Rb1 a6 27.Qa3 Qd6 28.Re8+  1-0

[Event "23rd ch-SLO 2013"]
[Site "Sentjur SLO"]
[Date "2013.04.06"]
[Round "2.20"]
[White "Opalic,David"]
[Black "Kokol,P"]
[Result "1/2-1/2"]
[WhiteElo "1683"]
[BlackElo "2293"]

1.e4 c5 2.c3 Nf6 3.e5 Nd5 4.d4 e6 5.Nf3 cxd4 6.cxd4 Nc6 7.Bc4 d6 8.O-O Be7
9.Qe2 O-O 10.Nc3 Nxc3 11.bxc3 dxe5 12.dxe5 Qa5 13.Bd2 Rd8 14.Rfe1 Bd7 15.Bb3 Be8
16.Qe4 Rd7 17.Ng5 g6 18.Qh4 h5 19.Qf4 Bxg5 20.Qxg5 Qd8 21.Bf4 Qxg5 22.Bxg5 Rd3
23.Rac1 Na5 24.Red1 Bb5 25.Rxd3 Bxd3 26.Rd1 Nxb3 27.axb3 Bc2 28.Rd7 b6 29.b4 a5
30.Rd8+ Rxd8 31.Bxd8 a4 32.Bxb6 a3 33.c4 Bd3 34.f4 Bxc4 35.Kf2 Kf8 36.Ke3 Ke8
37.Kd2 Kd7 38.Kc2 Kc6 39.Bd8 Kb5 40.Kb1 Kxb4 41.h4 Kc3 42.Bg5 Kd3 43.Ka1 Ke2
44.Kb1 Kf2 45.Ka1 Kxg2 46.Kb1 Kg3 47.Ka1 Kg4 48.Kb1  1/2-1/2

[Event "e2e4 Gatwick Open 2013"]
[Site "Crawley ENG"]
[Date "2013.04.07"]
[Round "5"]
[White "Degro,H"]
[Black "Tarhon,Brian"]
[Result "1-0"]
[WhiteElo "2060"]
[BlackElo "1863"]

1.e4 c5 2.c3 Nf6 3.e5 Nd5 4.d4 cxd4 5.Qxd4 Nb6 6.Nf3 Nc6 7.Qe4 d5 8.exd6 Qxd6
9.Bf4 Qe6 10.Nbd2 Nd5 11.Qxe6 Bxe6 12.Bg3 h6 13.Nb3 O-O-O 14.Nfd4 Bd7 15.O-O-O Nxd4
16.Nxd4 e6 17.Bc4 Nb6 18.Be2 Bc5 19.Nb5 Bxb5 20.Bxb5 Rxd1+ 21.Rxd1 Rd8 22.Rxd8+ Kxd8
23.Be2 Nc8 24.f3 Nd6 25.Bd3 Kd7 26.Kd2 Nf5 27.Bxf5 exf5 28.Kd3 g5 29.b3 f4
30.Be1 f5 31.c4 Ke6 32.Bc3 b6 33.b4 Be7 34.a3 h5 35.Bd4 Bf8 36.Kc3 Be7 37.a4 Kd7
38.c5 bxc5 39.Bxc5 Bf6+ 40.Kc4 a6 41.Kd5 Bc3 42.b5 axb5 43.axb5  1-0

[Event "College Final Four 2013"]
[Site "Rockville USA"]
[Date "2013.04.07"]
[Round "3"]
[White "Auger,M"]
[Black "Huschenbeth,N"]
[Result "0-1"]
[WhiteElo "2089"]
[BlackElo "2533"]

1.e4 c5 2.c3 Nf6 3.e5 Nd5 4.d4 cxd4 5.Nf3 Nc6 6.Bc4 Nb6 7.Bb3 d5 8.exd6 Qxd6
9.Na3 dxc3 10.Qxd6 exd6 11.Nb5 Rb8 12.bxc3 a6 13.Be3 axb5 14.Bxb6 Be6 15.Rd1 Kd7
16.Ng5 Ne5 17.O-O Nc4 18.Bd4 h6 19.Ne4 Rg8 20.Rfe1 Kc6 21.f3 Na5 22.Rb1 Nxb3
23.axb3 Be7 24.Rb2 g5 25.Nf2 Ra8 26.Nd3 Ra3 27.b4 Rga8 28.Kf2 Bd8 29.Ke3 Bb6
30.Rc1 Re8 31.Bxb6 Kxb6 32.Nf2 Bc4+ 33.Kd4 Re5 34.Rbc2 f5 35.Nd1 Bb3 36.Rd2 Rd5+
37.Ke3 f4+ 38.Ke2 Rxd2+ 39.Kxd2 Ra2+ 40.Ke1 Bc4  0-1

[Event "Open Golden Island Krk"]
[Site "Malinska CRO"]
[Date "2013.04.08"]
[Round "4.8"]
[White "Schmitz,A1"]
[Black "Doric,N"]
[Result "1-0"]
[WhiteElo "2053"]
[BlackElo "2295"]

1.e4 c5 2.c3 Nf6 3.e5 Nd5 4.d4 cxd4 5.cxd4 d6 6.Nf3 Nc6 7.Bc4 dxe5 8.Nxe5 e6
9.O-O Be7 10.Nxc6 bxc6 11.Nc3 O-O 12.Ne4 Qb6 13.a4 a5 14.b3 Rd8 15.Ba3 Bxa3
16.Rxa3 Ne7 17.Ra2 Rxd4 18.Rd2 Rxd2 19.Qxd2 Nd5 20.Qd3 h6 21.Rc1 Ba6 22.g3 Nb4
23.Qf3 Rd8 24.Bxa6 Qxa6 25.Rd1 Rd5 26.Nc3 Rd3 27.Rxd3 Qxd3 28.Qxd3 Nxd3 29.Ne4 Kf8
30.Kf1 Ke7 31.Nd2 Nc5 32.Ke2 e5 33.Kd1 Ke6 34.Kc2 Kd5 35.Kc3 f5 36.Nc4 Ne4+
37.Kc2 Nxf2 38.Nxa5 c5 39.Nc4 e4 40.Ne3+ Ke5 41.a5 Nd3 42.Kc3 Nb4 43.Kc4 f4
44.gxf4+ Kxf4 45.Nd1 Na6 46.Kb5 Nb8 47.Kxc5 g5 48.b4 Na6+ 49.Kb5 Nc7+ 50.Kc6 Na6
51.b5 Nb4+ 52.Kd6 Nc2 53.a6 Nd4 54.b6  1-0

[Event "2nd Jan Van Leeuwen Memorial"]
[Site "Ghent BEL"]
[Date "2013.04.09"]
[Round "3.4"]
[White "Van de Wynkele,E"]
[Black "Verbruggen,S"]
[Result "1-0"]
[WhiteElo "2008"]
[BlackElo "1923"]

1.e4 c5 2.c3 Nf6 3.e5 Nd5 4.g3 d6 5.exd6 Qxd6 6.Bg2 Nc6 7.Ne2 Bf5 8.d4 cxd4
9.Nxd4 Nxd4 10.Qxd4 e6 11.Nd2 Qc5 12.Nb3 Qxd4 13.Nxd4 Bd3 14.Bd2 Be7 15.O-O-O O-O
16.Rhe1 Bf6 17.Ne2 Rfd8 18.Nf4 Bc4 19.b3 Nxf4 20.Bxf4 Ba6 21.Kc2 Rac8 22.Rxd8+ Rxd8
23.c4 Rc8 24.Rd1 b5 25.Rd6  1-0

[Event "TCh-CAT Div Hon 2013"]
[Site "Catalonia ESP"]
[Date "2013.04.13"]
[Round "11.6"]
[White "Perez Manas,B"]
[Black "Bofill Mas,A"]
[Result "0-1"]
[WhiteElo "2290"]
[BlackElo "2350"]

1.e4 c5 2.c3 Nf6 3.e5 Nd5 4.d4 cxd4 5.Nf3 e6 6.cxd4 d6 7.Nc3 Nxc3 8.bxc3 Qc7
9.Bd2 Nd7 10.exd6 Bxd6 11.Bd3 O-O 12.O-O b6 13.Re1 Bb7 14.Qe2 Bf4 15.Bxf4 Qxf4
16.Qe3 Qxe3 17.fxe3 Rac8 18.Rac1 Rc7 19.c4 Rfc8 20.Rc3 g6 21.Ra3 Ba8 22.Nd2 Nf6
23.Bc2 Kg7 24.Ba4 Ne8 25.Bxe8 Rxe8 26.Kf2 Rd8 27.Rb1 f5 28.g3 g5 29.Rb5 Kf6
30.Ke2 h5 31.Rc3 h4 32.Nf3 hxg3 33.hxg3 Rh8 34.Nd2 Rh1 35.e4 Rch7 36.exf5 exf5
37.Re3 R7h2+ 38.Kd3 Rd1 39.Re2 Be4+ 40.Ke3 f4+ 41.gxf4 gxf4+ 42.Kxf4 Rxe2
43.Nxe4+ Kg6 44.Rg5+ Kh6 45.Rg4 Rxd4 46.Kf3 Rxa2  0-1

[Event "ch-LAT 2013"]
[Site "Riga LAT"]
[Date "2013.04.13"]
[Round "1.5"]
[White "Sveshnikov,V"]
[Black "Osis,R"]
[Result "1-0"]
[WhiteElo "2434"]
[BlackElo "2143"]

1.e4 c5 2.c3 Nf6 3.e5 Nd5 4.Nf3 e6 5.d4 cxd4 6.cxd4 Nc6 7.Bd3 Bb4+ 8.Bd2 Qb6
9.O-O Nxd4 10.Be4 Nxf3+ 11.Qxf3 O-O 12.Qd3 Kh8 13.Bxd5 exd5 14.Bxb4 Qxb4
15.Qxd5 Qxb2 16.Nd2 d6 17.Qxd6 Re8 18.Nc4 Qe2 19.Qd4 Kg8 20.f4 Be6 21.Nd6 Re7
22.Rf2 Qa6 23.f5 Bd7 24.f6 Re6 25.Nf5 Rd8 26.Nh6+ Kf8 27.Qb4+  1-0

[Event "ch-LAT 2013"]
[Site "Riga LAT"]
[Date "2013.04.13"]
[Round "1.8"]
[White "Tokranovs,Dmitrijs"]
[Black "Kantans,T"]
[Result "1-0"]
[WhiteElo "2110"]
[BlackElo "2356"]

1.e4 c5 2.c3 Nf6 3.e5 Nd5 4.d4 cxd4 5.cxd4 d6 6.Nf3 Nc6 7.Bc4 Nb6 8.Bb5 Bd7
9.exd6 e6 10.Nc3 Bxd6 11.O-O Nb4 12.Be2 O-O 13.a3 N4d5 14.Ne4 Bf4 15.Bd3 Rc8
16.Nc5 Bc6 17.Ne5 Qe7 18.Nxc6 Rxc6 19.Bxf4 Nxf4 20.Be4 Rd6 21.Nxb7 Rxd4 22.Qf3 f5
23.Bc6 Qc7 24.Rad1 Rxd1 25.Rxd1 Nbd5 26.Bxd5 Nxd5 27.Qe2 Kf7 28.Qa6 Rb8 29.Nd6+ Kf6
30.Nc4 Rc8 31.b3 Rd8 32.Re1 Nb6 33.g3 Rd5 34.a4 g5 35.a5 Qc8 36.Qxa7 Nxc4
37.bxc4 Qd7 38.Qe3 Rd1 39.a6 Rxe1+ 40.Qxe1 Qa4 41.Qc3+ Kg6 42.c5 Qxa6 43.c6 Qc8
44.c7 Kf7 45.Qc5 g4 46.h3 gxh3 47.f3 h5 48.Kh2 Ke8 49.Qc6+ Ke7 50.f4 Kf7
51.Kxh3 Ke7 52.Kg2 Kf7 53.Kf3 Ke7 54.Ke3 Kf7 55.Kd3 Ke7 56.Kc4 Kf7 57.Kb5 e5
58.fxe5 h4 59.gxh4 f4 60.Kb6 f3 61.Qxf3+ Kg7 62.Qf6+ Kh7 63.Qc6 Kg7 64.e6 Qf8
65.Qd7+ Kh6 66.Qd2+ Kh7 67.Qd3+ Kh6 68.Qe3+ Kh7 69.Qe4+ Kh6 70.Kb7 Qe7 71.Qf4+  1-0

[Event "ch-LAT w 2013"]
[Site "Riga LAT"]
[Date "2013.04.13"]
[Round "1.1"]
[White "Matisone,Dana"]
[Black "Rogule,L"]
[Result "0-1"]
[WhiteElo "1719"]
[BlackElo "2306"]

1.e4 c5 2.c3 Nf6 3.e5 Nd5 4.d4 cxd4 5.cxd4 Nc6 6.Nc3 Nxc3 7.bxc3 d6 8.f4 dxe5
9.fxe5 Bf5 10.Nf3 e6 11.Bd3 Bxd3 12.Qxd3 Be7 13.O-O Rc8 14.Be3 Na5 15.Nd2 Qd5
16.Rf3 Nc4 17.Nxc4 Qxc4 18.Qe4 Rc7 19.Bd2 Qd5 20.Qg4 g6 21.Bh6 b5 22.Raf1 Bf8
23.Qg5 Bxh6 24.Qxh6 Qxa2 25.Qg7 Rf8 26.Qxh7 Qd2 27.Qg7 a5 28.Rf6 Re7 29.Rxg6 Qxc3
30.Rg4 Qe3+ 31.Kh1 b4 32.h4 b3 33.h5 b2 34.h6 Qd3 35.Re1 b1=Q 36.Rxb1 Qxb1+
37.Kh2 f6  0-1

[Event "23rd ch-SLO 2013"]
[Site "Sentjur SLO"]
[Date "2013.04.13"]
[Round "8.3"]
[White "Brinovec,D"]
[Black "Beliavsky,A"]
[Result "0-1"]
[WhiteElo "2199"]
[BlackElo "2637"]

1.e4 c5 2.c3 Nf6 3.e5 Nd5 4.d4 e6 5.Bc4 Nb6 6.Bd3 cxd4 7.cxd4 d6 8.Nf3 Nc6
9.a3 dxe5 10.dxe5 Nd7 11.Bb5 Qc7 12.Bf4 Be7 13.Qe2 g5 14.Be3 g4 15.Nfd2 Qxe5
16.Nc4 Qf5 17.h3 Rg8 18.hxg4 Rxg4 19.Rxh7 Rxg2 20.Rh8+ Nf8 21.Bxc6+ bxc6
22.Nbd2 Rg1+ 23.Nf1 Ba6 24.O-O-O Rd8 25.Rxd8+ Kxd8 26.Rh5 Rxf1+ 27.Qxf1 Qxh5
28.Qd3+ Nd7 29.Qc3 Qh1+  0-1

[Event "4th LUCOPEN 2013"]
[Site "Lille FRA"]
[Date "2013.04.14"]
[Round "2.5"]
[White "Janev,E"]
[Black "Solodovnichenko,Y"]
[Result "1/2-1/2"]
[WhiteElo "2442"]
[BlackElo "2543"]

1.e4 c5 2.c3 Nf6 3.e5 Nd5 4.Nf3 Nc6 5.d4 cxd4 6.cxd4 d6 7.Bc4 e6 8.O-O Be7
9.a3 O-O 10.Bd3 Bd7 11.Qe2 Rc8 12.exd6 Bxd6 13.Nc3 Nce7 14.Nxd5 Nxd5 15.Ne5 Bc6
16.Qh5 Nf6 17.Qh3 Be4 18.Bxe4 Nxe4 19.Re1 Nf6 20.Qg3 Re8 21.Qf3 Qb6 22.Be3 Qb3
23.Rac1 Bxe5 24.dxe5 Nd5 25.Bd4 Qxf3 26.gxf3 b6 27.Be3 h6 28.Kg2 Kh7 29.Kh3 g5
30.Kg3 Kg6 31.f4 Kf5 32.fxg5 hxg5 33.Bd2 g4 34.f3 gxf3 35.Kxf3 Rxc1 36.Bxc1 Rf8
37.Kg3 Rg8+ 38.Kf3 Ne7 39.Bf4 Rd8 40.Bg3 Rd3+ 41.Ke2 Rb3 42.Rb1 Ke4 43.Kd2 Nf5
44.Re1+ Re3 45.h4 Rxe1 46.Bxe1 Kxe5 47.Kd3 Kf4 48.Kc4 Nd6+ 49.Kd4 f6 50.a4 Kg4
51.b4 a6 52.Bf2 b5 53.axb5 Nxb5+ 54.Kc5 Nc3 55.Be1 Nd5 56.Kd6 Kf5 57.Bd2 Nb6
58.Bc1 e5 59.h5 e4 60.Ke7 e3 61.Bxe3 Nd5+ 62.Kf7 Nxe3 63.h6 Ng4 64.h7 Ne5+
65.Kg7 Ng6  1/2-1/2

[Event "ch-LAT 2013"]
[Site "Riga LAT"]
[Date "2013.04.14"]
[Round "3.3"]
[White "Tokranovs,Dmitrijs"]
[Black "Sveshnikov,E"]
[Result "1/2-1/2"]
[WhiteElo "2110"]
[BlackElo "2534"]

1.e4 c5 2.c3 Nf6 3.e5 Nd5 4.d4 cxd4 5.cxd4 d6 6.Nf3 Nc6 7.Bc4 Nb6 8.Bb5 Bd7
9.exd6 e6 10.Nc3 Bxd6 11.O-O Ne7 12.Bd3 Bc6 13.Ne5 Bxe5 14.dxe5 Ng6 15.Qe2 Nxe5
16.Qxe5 Qxd3 17.Qxg7 Qg6 18.Qxg6 hxg6 19.Re1 Ke7 20.Be3 f6 21.Rad1 Rhd8 22.f3 g5
23.Bc5+ Kf7 24.Rxd8 Rxd8 25.Rd1 Rc8 26.Bxb6 axb6 27.Rd4 e5 28.Rb4 Rd8 29.a4 Rd2
30.h3 f5 31.Rxb6 e4 32.fxe4 fxe4 33.a5 e3 34.a6 Rxg2+ 35.Kf1 Bf3 36.Rb5 Rf2+
37.Ke1 bxa6 38.Re5 Rxb2 39.Rf5+ Kg6 40.Rxf3 Rb4 41.Nd5 Rb1+ 42.Ke2 Rb2+ 43.Kxe3 Rb3+
44.Ke4 Rxf3 45.Kxf3 a5 46.Nb6 Kf5 47.Kg3 Kg6 48.Kg4 Kh6 49.Na4 Kg6 50.Nc5 Kh6
51.Na4  1/2-1/2

[Event "ch-POL 2013"]
[Site "Chorzow POL"]
[Date "2013.04.15"]
[Round "3.1"]
[White "Piorun,K"]
[Black "Miton,K"]
[Result "1/2-1/2"]
[WhiteElo "2529"]
[BlackElo "2628"]

1.e4 c5 2.c3 Nf6 3.e5 Nd5 4.d4 cxd4 5.Nf3 Nc6 6.cxd4 d6 7.Bc4 Nb6 8.Bb5 dxe5
9.Nxe5 Bd7 10.Nxd7 Qxd7 11.Nc3 e6 12.O-O Be7 13.Qg4 O-O 14.Bxc6 bxc6 15.Bh6 Bf6
16.Rfd1 Kh8 17.Ne4 Rg8 18.Bg5 Bxg5 19.Nxg5 h6 20.Rac1 Nd5 21.Nf3 Nf6 22.Qf4 Nd5
23.Qe4 Qb7 24.Ne5 Rgc8 25.Rd3 Rc7 26.Rb3 Qa6 27.Ra3 Qb7 28.Rb3 Qa6 29.Ra3 Qb7  1/2-1/2

[Event "4th LUCOPEN 2013"]
[Site "Lille FRA"]
[Date "2013.04.15"]
[Round "4.7"]
[White "Janev,E"]
[Black "Manolache,M"]
[Result "0-1"]
[WhiteElo "2442"]
[BlackElo "2501"]

1.e4 c5 2.c3 Nf6 3.e5 Nd5 4.Nf3 e6 5.d4 cxd4 6.cxd4 d6 7.a3 Be7 8.Bd3 Nc6
9.O-O h6 10.Re1 dxe5 11.dxe5 a6 12.Be4 O-O 13.Qe2 Bc5 14.Nc3 Nxc3 15.bxc3 Qc7
16.Bc2 f5 17.exf6 Rxf6 18.Qe4 Bd7 19.Qh7+ Kf7 20.Be4 Rg8 21.Be3 Ne5 22.Rad1 Ba4
23.Rb1 b5 24.Bd4 Bxd4 25.cxd4 Nxf3+ 26.Bxf3 Bc2 27.Rbc1 Qxh2+ 28.Kxh2 Bxh7
29.d5 Bf5 30.Rc7+ Kg6 31.d6 Rd8 32.g4 Bd3 33.Re3 Bb1 34.d7 Kf7 35.Kg3 Ke7
36.Bc6 Kd6 37.Rc8 Rff8 38.Rxd8 Rxd8 39.Rc3 Ba2 40.Bb7 a5 41.Bc8 b4 42.axb4 axb4
43.Rd3+ Bd5 44.f4 Kc5 45.Kf2 b3 46.Rd1 Kb4 47.Ke3 b2 48.Kd4 Bb7 49.Ke5 Bxc8
50.dxc8=Q Rxc8 51.Kxe6 Rc1 52.Rd4+ Ka5 53.Rd5+ Kb6  0-1

[Event "ch-ESP University 2013"]
[Site "Badajoz ESP"]
[Date "2013.04.17"]
[Round "4.1"]
[White "Salgado Lopez,I"]
[Black "Pena Gomez,M"]
[Result "1/2-1/2"]
[WhiteElo "2602"]
[BlackElo "2412"]

1.e4 c5 2.c3 Nf6 3.e5 Nd5 4.d4 cxd4 5.cxd4 d6 6.Nf3 e6 7.Bc4 Be7 8.O-O O-O
9.Bd2 Nc6 10.Nc3 Nb6 11.Bb3 d5 12.Bc2 Bd7 13.h4 Nc4 14.Bc1 Rc8 15.h5 Qb6
16.Na4 Qd8 17.a3 b5 18.Nc3 b4 19.axb4 Nxb4 20.Rxa7 Na5 21.Bb1 Nbc6 22.Rxd7 Qxd7
23.Qd3 g6 24.Ng5 Nb3 25.Qh3 f5 26.Nxh7 Rf7 27.hxg6 Rg7 28.Qh6 Qe8 29.Nxd5 Qxg6
30.Nxe7+ Nxe7 31.Nf6+ Kf7 32.Qxg6+ Nxg6 33.Bh6 Nxd4 34.Bxg7 Ne2+ 35.Kh2 Kxg7
36.g3 Nxe5 37.Nh5+ Kf7 38.Kg2 Rb8 39.Re1 Rxb2 40.Kf1 Nf3 41.Rxe2 Rxb1+ 42.Kg2 Ne1+
43.Kf1 Nf3+ 44.Kg2 Ne1+ 45.Kf1  1/2-1/2

[Event "7th Agzamov Memorial"]
[Site "Tashkent UZB"]
[Date "2013.04.18"]
[Round "5"]
[White "Khamrakulov,D"]
[Black "Shodikulov,D"]
[Result "1/2-1/2"]
[WhiteElo "2429"]
[BlackElo "2156"]

1.e4 c5 2.c3 Nf6 3.e5 Nd5 4.Nf3 d6 5.d4 cxd4 6.cxd4 Nc6 7.Bc4 Nb6 8.Bb5 dxe5
9.Nxe5 Bd7 10.Nxd7 Qxd7 11.Nc3 e6 12.O-O Be7 13.Qg4 Bf6 14.Rd1 Nd5 15.Ne4 a6
16.Ba4 Qe7 17.Bxc6+ bxc6 18.Bf4 Nxf4 19.Qxf4 Rd8 20.Nxf6+ Qxf6 21.Qe4 O-O
22.Rac1 g6 23.Rxc6 a5 24.f4 Qe7 25.b3 Rd5 26.Rdc1 Qd7 27.R1c4 Rd8 28.Rc7 Qd6
29.Rc8 Rxc8 30.Rxc8+ Kg7 31.Rc4 h5 32.h4 Qa3 33.Qc2 Qd6 34.Qf2 Qd8 35.g3 Qf6
36.Kh2 Qd8 37.Qe3 Qd6 38.Kg2 Qd8 39.Kf2 Kh7 40.Ke2 Qd6 41.Kd3 Qa3 42.Qd2 Qd6
43.Ke3 Qe7 44.Qd3 Qa3 45.Qc2 Qd6 46.Rc6 Qb4 47.Qc3 Qa3 48.Qd2 Qe7 49.Rc4 Qd6
50.Qc2 Qd8 51.Rc8 Qf6 52.Qd3 Qe7 53.Qc4 Qf6 54.Qa4 Kg7 55.Ra8 e5 56.Qe8 exf4+
57.Ke2 Qe6+ 58.Qxe6 fxe6 59.gxf4 Rxd4 60.Rxa5 Rxf4 61.Ra4 Rf5 62.b4 Kf6 63.Ra3 g5
64.hxg5+ Rxg5 65.Rf3+ Ke5 66.a4 Rg2+ 67.Kf1 Ra2  1/2-1/2

[Event "ch-LAT 2013"]
[Site "Riga LAT"]
[Date "2013.04.19"]
[Round "8.2"]
[White "Kretainis,K"]
[Black "Neiksans,A"]
[Result "1/2-1/2"]
[WhiteElo "2228"]
[BlackElo "2539"]

1.e4 c5 2.c3 Nf6 3.e5 Nd5 4.g3 d6 5.exd6 Qxd6 6.Bg2 Nc6 7.Ne2 Bg4 8.h3 Bh5
9.g4 Bg6 10.d4 cxd4 11.Nxd4 Ndb4 12.O-O Nxd4 13.Qa4+ b5 14.Qxb4 Qxb4 15.cxb4 Rc8
16.Nc3 e5 17.Be3 Bxb4 18.Bxd4 exd4 19.Nxb5 Rc2 20.a3 Bd2 21.Nxd4 Rxb2 22.Nc6 a6
23.Ne5 O-O 24.Rfd1 Bf4 25.Nxg6 fxg6 26.Rab1 Be5 27.Bd5+ Kh8 28.Rxb2 Bxb2
29.Rd3 g5 30.Kg2 a5 31.a4 Rd8 32.Rb3 Be5 33.Be6 h6 34.Rb5 Bc3 35.Rc5 Bb4
36.Rc8 Rxc8 37.Bxc8  1/2-1/2

[Event "62nd ch-BUL 2013"]
[Site "Bankya BUL"]
[Date "2013.04.20"]
[Round "4.1"]
[White "Krumova,A"]
[Black "Videnova,I"]
[Result "0-1"]
[WhiteElo "2022"]
[BlackElo "2329"]

1.e4 c5 2.c3 Nf6 3.e5 Nd5 4.d4 cxd4 5.Nf3 Nc6 6.Bc4 Nb6 7.Bb3 d5 8.exd6 Qxd6
9.O-O Be6 10.Bxe6 Qxe6 11.Nxd4 Nxd4 12.Qxd4 Rd8 13.Qh4 Qe2 14.Be3 Qxb2 15.Nd2 Rxd2
16.Bxd2 Qxd2 17.Rfd1 Qh6 18.Qg3 Qc6 19.Rab1 Nd7 20.Rb2 f6 21.Rbd2 Ne5 22.Rd8+ Kf7
23.Kh1 g6 24.f4 Nc4 25.Qh3 Nd6 26.f5 Nxf5 27.c4 Qxc4 28.Qf3 Bg7 29.R8d7 h5
30.Qxb7 Qxa2 31.h3 Re8 32.R7d3 h4 33.Qb4 a5 34.Qc5 Bh6 35.Qa3 Qxa3 36.Rxa3 Ra8
37.Ra2 Bf4 38.Rd5 a4  0-1

[Event "XV Foment Martinenc"]
[Site "Barcelona ESP"]
[Date "2013.04.20"]
[Round "1.5"]
[White "Jerez Perez,A"]
[Black "Rafiee,M"]
[Result "1/2-1/2"]
[WhiteElo "2400"]
[BlackElo "2148"]

1.e4 c5 2.c3 Nf6 3.e5 Nd5 4.Nf3 e6 5.d4 cxd4 6.cxd4 d6 7.Bc4 Be7 8.O-O O-O
9.Qe2 Nd7 10.Rd1 Re8 11.Qe4 f5 12.exf6 N7xf6 13.Qe2 Bd7 14.Nc3 Nxc3 15.bxc3 d5
16.Bd3 Qa5 17.Bd2 Bd6 18.c4 Qd8 19.c5 Bc7 20.Ne5 Bxe5 21.dxe5 Ne4 22.Bxe4 dxe4
23.Qxe4 Bc6 24.Qg4 Qd5 25.Be3 Qxe5 26.Bd4 Qc7 27.f4 Bd5 28.Rd3 Rad8 29.Rg3 Rd7
30.Qh5 Rf8 31.Qe5 Qxe5 32.Bxe5 Rc8 33.Rc3 Rc6 34.a3 b6 35.Rac1 Rb7 36.Kf2 Kf7
37.g4 bxc5 38.Rxc5 Rbb6 39.Bd4 a6 40.Rxc6 Rxc6 41.Bc5 e5 42.Ke3 exf4+ 43.Kxf4 Re6
44.Rd1 Re4+ 45.Kg3 Be6 46.h3 Rc4 47.Bb4 Rc6 48.Rd8 Rc7 49.Kf4 Rd7 50.Rf8+ Kg6
51.Ra8 Bc4 52.Rb8 Rf7+ 53.Kg3 Rd7 54.Rb6+ Kf7 55.Kf4 Rd3 56.Rb7+ Ke6 57.Rb6+ Kf7
58.Rc6 Bb5 59.Rc7+ Rd7 60.Rc8 Rd3 61.Rc7+ Rd7  1/2-1/2

[Event "ch-SRB 2013"]
[Site "Vrnjacka Banja SRB"]
[Date "2013.04.20"]
[Round "6.1"]
[White "Savic,Miod1"]
[Black "Kovacevic,A"]
[Result "1/2-1/2"]
[WhiteElo "2539"]
[BlackElo "2571"]

1.e4 c5 2.c3 Nf6 3.e5 Nd5 4.Nf3 d6 5.d4 cxd4 6.cxd4 Nc6 7.Be2 dxe5 8.dxe5 e6
9.O-O Be7 10.Nbd2 O-O 11.Nc4 Qc7 12.Qc2 Bd7 13.Qe4 b5 14.Ne3 Ncb4 15.a3 Nxe3
16.Bxe3 Qc2 17.Qb7 Nd5 18.Nd4 Qc8 19.Qxc8 Rfxc8 20.Bd2 Bc5 21.Nb3 Bb6 22.Rfc1 Ne7
23.Kf1 Ng6 24.f4 Bc6 25.g3 Bd5 26.Na5 a6 27.b4 Ne7 28.a4 Rxc1+ 29.Rxc1 bxa4
30.Ra1 Nf5 31.Rxa4 Nd4 32.Nc4 Bd8 33.Bd3 Nf3 34.Ke2 Bc6 35.Ra3 Nxh2 36.Be3 Ng4
37.Bc5 h5 38.Nd6 f6 39.exf6 Nxf6 40.Rxa6 Rxa6 41.Bxa6 h4 42.gxh4 Nd5 43.f5 exf5
44.Nxf5 g6 45.Nd4 Nxb4 46.Bxb4 Bd5 47.Be1 g5 48.h5 Bf7 49.h6 Kh7 50.Kf3 Kxh6
51.Nf5+ Kh7 52.Bc3 Bh5+ 53.Kg3 Bc7+ 54.Kh3 Bf7 55.Bc8 Bg6 56.Ne7 Be4 57.Be6 Bd6
58.Nd5 Bxd5 59.Bxd5 Bf8 60.Kg4 Bg7 61.Bb4 Kh8 62.Kf5 Ba1 63.Kg6 Bb2 64.Be7 g4
65.Bf6+ Bxf6  1/2-1/2

[Event "Nakhchivan Open A 2013"]
[Site "Nakhchivan AZE"]
[Date "2013.04.22"]
[Round "1.4"]
[White "Tiviakov,S"]
[Black "Dastan,B"]
[Result "1/2-1/2"]
[WhiteElo "2650"]
[BlackElo "2402"]

1.e4 c5 2.c3 Nf6 3.e5 Nd5 4.Nf3 d6 5.exd6 e6 6.Na3 Bxd6 7.Nc4 Bc7 8.d4 cxd4
9.Nxd4 a6 10.Be2 e5 11.Nb3 O-O 12.O-O Nc6 13.Ne3 Nf6 14.Qxd8 Rxd8 15.a4 e4
16.Nc4 Bg4 17.Bxg4 Nxg4 18.h3 Nge5 19.Nxe5 Nxe5 20.Nc5 Nd3 21.Nxe4 Re8 22.Ng3 Rad8
23.b3 g6 24.Ra2 h5 25.Ne2 Nc5 26.Nd4 Be5 27.Bg5 Rd5 28.Re2 Rc8 29.Rb1 Bxd4
30.cxd4 Rxg5 31.Rc1 Rd5 32.dxc5 Rdxc5 33.Rxc5  1/2-1/2

[Event "Zonal 2.5 2013"]
[Site "Montevideo URU"]
[Date "2013.04.23"]
[Round "7.2"]
[White "Larrea,M"]
[Black "Felgaer,R"]
[Result "0-1"]
[WhiteElo "2308"]
[BlackElo "2585"]

1.e4 c5 2.c3 Nf6 3.e5 Nd5 4.d4 cxd4 5.cxd4 d6 6.Nf3 e6 7.Bc4 Be7 8.O-O O-O
9.Nc3 Nxc3 10.bxc3 Qc7 11.Qd3 Nd7 12.exd6 Bxd6 13.Bb3 b6 14.Bc2 g6 15.Bh6 Re8
16.Ba4 Bb7 17.h3 Rad8 18.Qe3 Bc6 19.Bb3 Qb7 20.Rfe1 Bxf3 21.Qxf3 Qxf3 22.gxf3 Nf6
23.a4 Nh5 24.Re4 Nf6 25.Re3 Rc8 26.Rae1 Red8 27.f4 Bf8 28.Bg5 Kg7 29.f5 exf5
30.a5 h6 31.Bxf6+ Kxf6 32.axb6 axb6 33.Ra1 f4 34.Rf3 Bd6 35.c4 Bc7 36.Rd3 Kg5
37.Ra7 f5 38.Kg2 Be5 39.d5 Bd6 40.Rb7 Rb8 41.Rf7 Rf8 42.Rd7 Rfd8 43.Rf7 Ra8
44.Rb7 Ra6 45.Rd2 Bc5 46.Re2 Ra3 47.Rb2 Kh4 48.Rg7 Rd6 49.Rh7 h5 50.Re7 Rxd5
51.cxd5 Bxe7 52.Bd1 Bc5 53.Be2 Ra4 54.Rd2 Bd6 55.Rb2 Rb4 56.Rxb4 Bxb4 57.Bb5 g5
58.Bd7 g4 59.Bxf5 f3+ 60.Kh2 Bd6+ 61.Kg1 Kxh3 62.Bd3 Kh4 63.Bc4 Kg5 64.Bb5 Kf4
65.Be8 h4 66.Bb5 g3 67.Kf1 Bc5 68.d6 Bxd6 69.Bc6 Bc5  0-1

[Event "Zonal 2.5 2013"]
[Site "Montevideo URU"]
[Date "2013.04.25"]
[Round "9.6"]
[White "Larrea,M"]
[Black "Jodorcovsky,P"]
[Result "1-0"]
[WhiteElo "2308"]
[BlackElo "2165"]

1.e4 c5 2.c3 Nf6 3.e5 Nd5 4.d4 cxd4 5.Nf3 e6 6.cxd4 d6 7.Bc4 Nc6 8.O-O Be7
9.Qe2 O-O 10.Rd1 Bd7 11.Nc3 Nxc3 12.bxc3 dxe5 13.dxe5 Qc7 14.Qe4 Rad8 15.Bd3 g6
16.Bh6 Rfe8 17.Re1 Bc8 18.Rad1 Rd5 19.Rb1 Red8 20.Bc4 R5d7 21.Qf4 Na5 22.Bb5 Rd5
23.h4 a6 24.Bf1 b5 25.h5 Nc4 26.Bg5 Bxg5 27.Nxg5 f5 28.Bxc4 bxc4 29.Rb4 Rc5
30.hxg6 hxg6 31.Re3 Rdd5 32.Nf3 Rd1+ 33.Kh2 a5 34.Rb2 Qh7+ 35.Nh4 Qg7 36.Rg3 Qxe5
37.Qh6 Rd7 38.Nxg6 Qc7 39.Qf8+  1-0

[Event "XV Foment Martinenc"]
[Site "Barcelona ESP"]
[Date "2013.04.27"]
[Round "2.1"]
[White "Lopez Perdomo,J"]
[Black "Rafiee,M"]
[Result "1/2-1/2"]
[WhiteElo "2090"]
[BlackElo "2148"]

1.e4 c5 2.c3 Nf6 3.e5 Nd5 4.d4 cxd4 5.cxd4 e6 6.Nf3 d6 7.Nc3 Bd7 8.Nxd5 exd5
9.Bd2 Qb6 10.Bd3 Nc6 11.O-O dxe5 12.Nxe5 Nxe5 13.Re1 Bd6 14.dxe5 Bc5 15.Qf3 O-O
16.b3 Rae8 17.Bc3 Bb5 18.Bxb5 Qxb5 19.b4 Bb6 20.Rad1 d4 21.Bxd4 Bxd4 22.Rxd4 Rxe5
23.Rxe5 Qxe5  1/2-1/2

[Event "25th ch-ALG 2013"]
[Site "Algiers ALG"]
[Date "2013.04.28"]
[Round "3.1"]
[White "Nassr,A"]
[Black "Arab,A"]
[Result "1/2-1/2"]
[WhiteElo "2050"]
[BlackElo "2445"]

1.e4 c5 2.c3 Nf6 3.e5 Nd5 4.Nf3 e6 5.Bc4 d6 6.d4 cxd4 7.cxd4 Nb6 8.Bd3 Nc6
9.O-O Nb4 10.Bb5+ Bd7 11.Bxd7+ Qxd7 12.Nc3 Be7 13.Bg5 Bf8 14.Qe2 h6 15.Bh4 d5
16.Rac1 a6 17.Nd2 Nc6 18.Qd3 Rc8 19.Ne2 Bb4 20.a3 Bxd2 21.Qxd2 Nc4 22.Qc3 O-O
23.f4 Ne7 24.Bxe7 Qxe7 25.Ng3 Rc6 26.f5 Qg5 27.Qe1 Rfc8 28.fxe6 fxe6 29.Qf2 Qe3
30.Rc3 Qxf2+ 31.Rxf2 Nb6 32.Rb3 R8c7 33.Nh5 Rc1+ 34.Rf1 Rxf1+ 35.Kxf1 Nc4
36.Ke2 Kf7 37.Rf3+ Kg8 38.Rc3 Rf7 39.b3 Nxa3 40.Rc8+ Kh7 41.Re8 Nb5 42.Ke3 Nc7
43.Rb8 Nb5 44.Re8 Nc7 45.Rb8 b5 46.Rb7 Kg8 47.Nf4 g5 48.Nd3 Re7 49.Nb4 Kf8
50.Ra7 Kf7 51.Nc6 Rd7 52.Nb8 Re7  1/2-1/2

[Event "48th Capablanca Open I 2013"]
[Site "Havana CUB"]
[Date "2013.04.28"]
[Round "7.56"]
[White "Pachon,A"]
[Black "Castillo Coca,M"]
[Result "0-1"]
[WhiteElo "2055"]
[BlackElo "2094"]

1.e4 c5 2.c3 Nf6 3.e5 Nd5 4.d4 cxd4 5.Nf3 e6 6.cxd4 Nc6 7.Nc3 Nxc3 8.bxc3 Be7
9.Bd3 d6 10.Qe2 dxe5 11.dxe5 b6 12.O-O Bb7 13.Rd1 Qc7 14.Bf4 Rc8 15.Nd4 Nxd4
16.cxd4 O-O 17.Rac1 Qd7 18.Qg4 Rxc1 19.Bxc1 Rc8 20.h4 Qa4 21.h5 Kh8 22.Re1 Qxa2
23.Bg5 Qa3 24.Re3 Bxg5 25.Qxg5 h6 26.Qf4 Qe7 27.Rg3 a5 28.Qd2 Qh4 29.Be2 Qd8
30.Bd1 Qc7 31.Qf4 Qe7 32.Bb3 b5 33.Qg4 Qf8 34.Qe2 Qb4 35.Qg4 Rg8 36.Qf4 Qe7
37.Qd2 b4 38.Qd3 Rc8 39.Bc2 Rxc2 40.Qxc2 Qd8 41.Qc5 Bd5 42.Re3 Kg8 43.Qd6 Qh4
44.Rh3 Qg4 45.Rg3 Qd1+ 46.Kh2 Qxh5+ 47.Kg1 Qd1+ 48.Kh2 Qxd4 49.Qd8+ Kh7 50.Qf8 Qxe5
51.Qxf7 Qf6 52.Qc7 b3 53.Qxa5 Qxf2 54.Qc3 Qf6 55.Qd3+ Kg8 56.Rg4 Qe5+ 57.Kh3 Qf5
58.Qd4 g5 59.Qa4 e5 60.Kh2 e4 61.Qe8+ Kg7 62.Qe7+ Qf7 63.Qe5+ Kg6 64.Rg3 Qf5
65.Qe8+ Bf7 66.Qc6+ Qe6 67.Qc3 Qf6 68.Qb4 Qe5 69.Qb6+ Be6 70.Qc6 Kh5 71.Qc1 Kh4
72.Qe1 b2 73.Qe3 b1=Q 74.Qf3 exf3  0-1